| 000 | 00504nam a22001817a 4500 | ||
|---|---|---|---|
| 008 | 230630b |||||||| |||| 00| 0 eng d | ||
| 020 | _a978-93-5266-584-6 | ||
| 040 |
_aNational Science Library _cNational Science Library |
||
| 080 |
_a82-31PAN _bQ8 |
||
| 100 | _aPandey, Neeraj | ||
| 245 | _aग़ालिब डेंजर | ||
| 246 | _aGhalib danger | ||
| 260 |
_aNew Delhi: _bPrabhat Prakashan, _c2018 |
||
| 300 | _a263p. | ||
| 650 | _aLiterature | ||
| 653 | _aStory | ||
| 942 |
_2udc _cHBK |
||
| 999 |
_c48586 _d48586 |
||